000 00745nam a2200241Ia 4500
003 GCL
008 140319s9999 xx 000 0 ara d
040 _aGCL /
_cGCL
082 0 4 _a128.3
_bم ب
100 1 _aماى, رولو
245 1 0 _aالبحث عن الذات : دراسة نفسية تحليلية /
_cماى, رولو
700 1 _aعبد على الجسمانى
260 _a[S.N] :
_bالمؤسسة العربية للدراسات والنشر ،
_c1993
300 _a204 ص
490 _a
650 0 4 _aالفلسفة
650 0 4 _aالانسان
650 0 4 _aعلم النفس
650 0 4 _aالشخصية
650 0 4 _aالقيم الاجتماعية
650 0 4 _aالقيم الاخلاقية
942 _2ddc
_cBK
999 _c31748
_d31748